| 000 | 00491nam a2200181Ia 4500 | ||
|---|---|---|---|
| 005 | 20250508151321.0 | ||
| 008 | 008 250505s9999 xx 000 0 eng d | ||
| 037 | _aBooks to be hide in OPAC | ||
| 040 |
_aFEDL _beng _cFEDL |
||
| 041 |
_aeng _2eng |
||
| 084 |
_a370.4, BUR/O _qFEDL |
||
| 100 |
_aBurnaby J _9758851 |
||
| 245 | 0 | _aEducation religion lerning and research | |
| 300 | _a25p. | ||
| 546 | _aWeeded out | ||
| 942 |
_cHB _h370.4, BUR/O |
||
| 999 |
_c1329018 _d1329018 |
||